000 00782nam a2200205Ii 4500
003 JO-AjNU
008 230605s9999||||xx |||||||||||||| ||und||
040 _aJO-AjNU
_bara
_erda
_cJO-AjNU
041 _aara
050 1 4 _aDT83.V3612 2004
100 3 _aفاندنبرغ، فيليب؛ ترجمة عيسى، خالد إسعد ، ترجمة سبانو، إحمد غسان,
_eauthor
_915350
245 0 0 _aلعنة الفراعنة: التفسير العلمي لظاهرة لعنة الفراعنة الغامضة
250 _aط1
264 3 1 _aبيروت: دار قتيبة، 2004
300 _a239ص
336 _atext
_btxt
_2rdacontent
337 _aunmediated
_bn
_2rdamedia
338 _avolume
_bnc
_2rdacarrier
650 4 _aلعنة الفراعنة-مصر-تاريخ
_915351
999 _aA4314
_c7882
_d7882